Vampire Diaries - Statistics

General Stats
  • This quiz has been taken 2,668 times
    2,657 since last reset
  • The average score is 23 of 35
Answer Stats
Hint Answer % Correct
Older Salvatore brother Damon
100%
Youngest Salvatore brother Stefan
100%
First Hybrid's mother drowned by hot Hybrid Carol
99%
Loves both brothers recently turned into a vampire Elena
99%
Vampire Barbie Caroline
98%
Hot Hybrid has crush on Vampire Barbie Klaus
98%
The Witch who is best friends with third clue Bonnie
96%
Younger brother of above Jeremy
96%
Posh original vampire (Wears a suit) Elijah
94%
Hot Hybrids blonde sister Rebekah
94%
History teacher who was turned into Original vampire hunter Alaric
93%
First Hybrid to be made and leader of other Hybrids Tyler
90%
Third clue's old boyfriend and tried drowning himself to see someone Matt
89%
Troublemaker original Kol
82%
Vampire who turned the brothers and pretends to be third clue Katherine
81%
Original who hates being a vampire Finn
74%
Original vampire's mother's name Esther
68%
Vampire that helped second clue to not kill humans Lexi
68%
Year Brothers were turned 1864
63%
Mother of Vampire Barbie Liz
63%
Name of the Original vampire, vampire hunter Mikael
63%
Witche's Mother got turned into a vampire Abby
62%
Bennett maid servant 1864 Emily
55%
Vampire who turned the first Petrova Doppelgangar Rose
52%
First and Second clue's uncle got killed for growing Vervain Zach
44%
Witch's Gram's name Sheila
41%
Third clues real mother and father Isobel and John
40%
First vampire created by first clue then killed by his brother Vicki
38%
Creepy Doctor guy helping Witch get powers back Shane
35%
Father of Vampire Barbie and is immune to compulsion Bill
34%
Name of hunter third clue killed Connor
21%
Vampire sired to first clue who was told to count all the bricks Charlotte
18%
Reporter and lover of first clue Andie
17%
Witch who worked for Hot Hybrid before having neck snapped Greta
10%
What the tattoo on Vampire hunter's arms leads to Cure for vampirism
8%
No matching quizzes found
Score Distribution
Percent of People with Each Score
Percentile by Number Answered
Your Score History
You have not taken this quiz since the last reset